Guess the 1970s song lyrics #235 - Statistics

General Stats
  • This quiz has been taken 24 times
  • The average score is 131 of 230
Answer Stats
Answer % Correct
I
100%
a
95%
love
95%
the
95%
when
95%
you
95%
it
89%
me
89%
an
84%
and
84%
And
84%
if
84%
is
84%
on
84%
So
84%
to
84%
be
79%
like
79%
of
79%
that
79%
they
79%
They
79%
all
74%
can't
74%
down
74%
had
74%
up
74%
was
74%
your
74%
but
68%
But
68%
by
68%
day
68%
Don't
68%
her
68%
know
68%
out
68%
she
68%
She
68%
There
68%
just
63%
Just
63%
want
63%
with
63%
how
58%
made
58%
see
53%
some
53%
came
47%
left
47%
nothing
47%
without
47%
about
42%
Baby
42%
cry
42%
didn't
42%
feelings
42%
took
42%
almost
37%
Cause
37%
cause
37%
hide
37%
keep
37%
learn
37%
loud
37%
Remember
37%
saw
37%
should
37%
told
37%
circus
32%
clown
32%
found
32%
inside
32%
lot
32%
she'd
32%
thought
32%
town
32%
awful
26%
cried
26%
fall
26%
high
26%
proud
26%
pulled
26%
While
26%
big
21%
broken
21%
dreams
21%
finest
21%
smile
21%
teacher
21%
among
16%
behind
16%
danced
16%
Fly
16%
glitter
16%
kind
16%
litter
16%
net
16%
parades
16%
passing
16%
sawdust
16%
top
16%
upon
16%
wire
16%
different
11%
painted
11%
No matching quizzes found
Score Distribution
Percent of People with Each Score
Percentile by Number Answered
Your Score History
You have not taken this quiz